00281nam a2200097Ia 4500008004100000100001600041245003900057260003800096300001000134650003900144191201s2018 xx 000 0 und d aKasture,A.V 0aPharmaceutical inorganic Chemistry bNirali PrakashanaNew Delhic2018 aMisc. aPharmaceutical inorganic Chemistry